Using Microsoft SQL Server : Server 6.5

Saved in:
Bibliographic Details
Format: Book
Language:English
Published: B.m. : QUR, 1996
Subjects:
Tags: Add Tag
No Tags, Be the first to tag this record!

MARC

LEADER 00000nam a22000003a 4500
001 stu45993
005 20141122034846.2
008 971119s1996----xxu-----------------eng-d
040 |a STU  |b slo 
041 0 |a eng 
044 |a xxu 
080 |a 681.3.02(086.7)  |7 stu_us_auth*stu1716 
245 |a Using Microsoft SQL Server :  |b Server 6.5 
260 |a B.m. :  |b QUR,  |c 1996 
650 7 |a systémy databázové  |2 stusub 
650 7 |a CD  |2 stusub 
996 |b MCD 8  |c M*CD-8  |l MMKN  |s A  |a 24  |w stu45993_0001